Principios de Derecho contractual europeo y principios de Unidroit sobre contractos comerciales internacionales

Bibliographic Details
Main Author: Martn̕ez Caęllas, Anselmo
Other Authors: Ferrer Vanrell, Mara̕ Pilar
Format: Unknown
Language:English
Published: Madrid : Dykinson, 2009
Subjects:
Online Access:Acceso restringido

MARC

LEADER 00000ny a22000003n 4500
005 20110622105231.0
008 091222s2009 sp 000 0 eng d
020 |a 9788498494600 
035 |a 4796 
040 |a BUS  |d vLex 
090 |c 989  |d 989 
100 1 |a Martn̕ez Caęllas, Anselmo 
245 1 0 |a Principios de Derecho contractual europeo y principios de Unidroit sobre contractos comerciales internacionales  |h [Recurso electrn̤ico]  |c Anselmo Martn̕ez Caęllas , Mara̕ Pilar Ferrer Vanrell  
256 |a Servicio en ln̕ea. 
260 |a Madrid :  |b Dykinson,  |c 2009 
506 1 |a Contenido solo disponible en los productos indicados  |d vLex Global  |d vLex Global (Academic Edition, excluding Law Schools)  |d vLex Global (U.S. Academic Edition, Law Schools)  |d vLex Global (U.S. Academic Edition, excluding Law Schools)  |d vLex Global (Academic Edition, Law Schools) 
650 0 4 |a Contratos (Derecho Internacional) 
700 1 |a Ferrer Vanrell, Mara̕ Pilar 
740 0 |a vLex Libros (Servicios en ln̕ea) 
856 4 0 |u http://vlex.com/source/4796  |z Acceso restringido 
942 |c BOOK